| 000 | 00865nas a2200241 i 4500 | ||
|---|---|---|---|
| 001 | 1238 | ||
| 003 | ES-MaACL | ||
| 005 | 20250811030004.0 | ||
| 007 | t| | ||
| 008 | 950801d19411973sp | | 1 ||pa d | ||
| 022 | _a0303-9927 | ||
| 080 | _a34 | ||
| 245 | 0 | 0 |
_aInformación jurídica / _cServicio de la Comisión de Legislación Extranjera del Ministerio de Justicia. |
| 260 |
_aMadrid : _bMinisterio de Justicia, Comisión de Legislación Extranjera e Información Jurídica, _c1941-1973. |
||
| 300 |
_a36 v. ; _c24 y 26 cm. |
||
| 310 | _aTrimestral | ||
| 362 | 0 | _a(1941)-(1973) | |
| 650 | 1 | 7 |
_aDerecho _2embne _911602 |
| 710 | 1 |
_aEspaña. _bMinisterio de Justicia. _bComisión de Legislación Extranjera _93898 |
|
| 852 |
_aES-MaACL _jHem-969 |
||
| 866 | 0 | _o(1944f.ene.-may.)1945-65(1966f.n.278-279)1967-68(1969f.n.300)1970-72(1973) | |
| 999 |
_c1238 _d1238 |
||